Ośmiotysięczniki - Statystyki

Ogólne statystyki
  • Ten quiz został rozwiązany 147 razy
  • Średni wynik to 8 z 15
Statystyki odpowiedzi
Wysokość n.p.m Odpowiedź % Poprawnych
8848 Mount Everest
96%
8611 K2
94%
Najwyższy szczyt w Polsce Rysy
79%
8501 Lhotse
66%
8091 AnnaPurna
64%
8125 Nanga Parbat
57%
8598 Kanczendzonga
54%
8047 Broad Peak
52%
8156 Manaslu
50%
8481 Makalu
47%
8167 Dhaulagiri
36%
8153 Cho Oyu
29%
8068 Gasherbrum I
28%
8035 Gasherbrum II
28%
8027 Shisha Pangma
27%
Nie znaleziono quizów pasujących do podanych kryteriów
Rozkład punktacji
Procent ludzi z każdym wynikiem
Percentyl według liczby udzielonych odpowiedzi
Twoja historia wyników
Nie rozwiązałeś tego quizu